|
|
|
|
| LEADER |
00000nam a2200000 a 4500 |
| 001 |
vtls001331397 |
| 003 |
SK-MaSNL |
| 005 |
20260301235713.0 |
| 008 |
251113s1998 GB a rus |
| 020 |
|
|
|a 0751386774
|c b.c.
|
| 035 |
|
|
|a SNK000284279
|
| 035 |
|
|
|a urn:nbn:sk:snk-amtjmd
|
| 035 |
|
|
|a urn:nbn:sk:snk-am00c5yu
|
| 035 |
|
|
|a D10E7951-7F90-4905-AC21-A813F21AF53D
|
| 040 |
|
|
|a SNK
|b slo
|c SNK
|e AACR2
|
| 041 |
0 |
|
|a rus
|
| 044 |
|
|
|a GB
|
| 080 |
|
|
|a 929.9(100)(084.12)
|2 1981
|
| 100 |
1 |
|
|a Crampton, William
|4 aut
|9 633299
|
| 245 |
1 |
0 |
|a Flag
|c avtor teksta Uil'jam Krempton ; [perevod s anglijskogo Jekateriny Kapranovoj]
|
| 260 |
|
|
|a Londonc [etc.]
|b Dorling Kindersli
|c 1998
|e [Martin]
|f Neografija
|
| 300 |
|
|
|a 64 s.
|c 29 cm
|
| 490 |
1 |
|
|a Očevidec - obo vsem na svete
|
| 650 |
0 |
7 |
|a vlajky
|x krajiny svetové
|x knihy detské ilustrované
|2 SNK
|9 633300
|
| 830 |
|
0 |
|a Očevidec - obo vsem na svete
|9 633301
|
| 919 |
|
|
|a 0-7513-8677-4
|
| 958 |
|
|
|a OND
|
| 999 |
|
|
|c 976249
|d 978179
|
| 952 |
|
|
|t P60, <03>, [BOOK], {603}
|a SNK
|b SNK
|y PREZ
|7 0
|p 17A0138754
|o snkSB 58799
|i snkKSP 5276/98
|0 0
|1 0
|4 0
|d 1998-05-18
|f 1
|l 0
|r 2017-06-30 00:00:00
|w 2026-02-24
|